Standard first aid and personal safety.

Bibliographic Details
Corporate Author: American National Red Cross
Format: Book
Language:English
Published: Garden City, N.Y. : Doubleday, 1973.
Edition:1st ed.
Subjects:

MARC

Tag First Indicator Second Indicator Subfields
LEADER 00000cam a2200000 4500
001 in00000046497
005 20151007073231.0
008 730713s1973 nyua 00100 eng
010 |a  73076726  
020 |a 0385059086 
020 |a 0385058489 (pbk.) 
035 |a (OCoLC)00673630 
035 |9 AAE9369AM 
040 |a DLC  |c DLC  |d GXM  |d TXA  |d UtOrBLW 
049 |a [Curr Col] TXAM  |c 1 [1394304], 2 [1111220], 3 [1111221], 4 [1114001], 5 [1115466], 6 [1115467], 7 [1115468], 8 [1115469], 9 [1115470], 10 [1115471] 
050 0 0 |a RC87  |b .R32 1973a 
082 0 |a 614.8/8 
096 |a WA 292 S785 1973 
110 2 |a American National Red Cross. 
245 1 0 |a Standard first aid and personal safety. 
250 |a 1st ed. 
264 1 |a Garden City, N.Y. :  |b Doubleday,  |c 1973. 
300 |a 268 pages :  |b illustrations ;  |c 22 cm. 
336 |a text  |b txt  |2 rdacontent 
337 |a unmediated  |b n  |2 rdamedia 
338 |a volume  |b nc  |2 rdacarrier 
650 0 |a First aid in illness and injury. 
650 2 |a Accident Prevention. 
650 2 |a First Aid. 
999 |a MARS 
999 f f |s b854e4a4-6bec-3ac0-9ecd-7d784b8868e2  |i d256e921-0fd5-3ba1-b0f6-8b81524a8223  |t 0 
952 f f |p normal  |a Texas A&M University  |b College Station  |c Sterling C. Evans Library  |d Evans: Curriculum Collection (4th floor)  |t 0  |e RC87 .R32 1973a  |h Library of Congress classification  |i unmediated -- volume  |m A14800258448 
952 f f |p normal  |a Texas A&M University  |b College Station  |c Sterling C. Evans Library  |d Evans: Curriculum Collection (4th floor)  |t 0  |e RC87 .R32 1973a  |h Library of Congress classification  |i unmediated -- volume  |m A14800258511 
998 f f |a RC87 .R32 1973a  |t 0  |l Evans: Curriculum Collection (4th floor) 
998 f f |a RC87 .R32 1973a  |t 0  |l Evans: Curriculum Collection (4th floor)